000 01374 a2200229 4500
001 245
005 20260407155416.0
008 260407a2008 arg spa d
003 AR-UNSa-BCEJYS
040 _aAR-UNSa-BCEJYS
_bspa
_cAR-UNSa-BCEJYS
080 _a658.3
_xPersonal. Relaciones humanas en la empresa (Recursos Humanos)
245 1 0 _aDesarrollo del talento humano
_pbasado en competencias
020 _a978-950-641-527-3
250 _a2a. ed
264 1 _aBuenos Aires :
_bGranica
_c2008
300 _a392 p.
_c23 cm
505 _a1. Talento humano y competencias 2. Desarllo del talento humano basado en competencias 3. Como desarrollar competencias 4. Métodos para el desarrollo de competencias dentro del trabajo Anexo: Herramintas de la metodología Martha Alles Capital humano para medición de competencias 5. Métodos para el desarrollo de competencias fuera del trabajo 6. Técnicas para el autodesarrollo de competencias 7. La gestion del conocimiento y el desarrollo de competencias 8. Cómo armar una sección en su intranet para el desarrollo de competencias Anexo: Herramientas de la metodologia Martha Alles
942 _cBK
590 _aniveau_biblio:m niveau_hierar:0
100 1 _aAlles, Martha Alicia
856 4 1 _uhttps://biblioeco.unsa.edu.ar/pmb/images/libros/Desarrollo del Talento Humano2-l117534.jpg
_yImagen de portada
_qimage/jpeg
999 _c160
_d160